000 00533nam a2200193 a 4500
005 20140310183425.0
008 070925s19uu xx 00 eng d
020 _a9789814232203
050 _aHF 5438.4 .
_bIn54 2007
100 _aIngram, Thomas et. al.
245 _aSales Management :
_banalysis and decision making. /
250 _a6th ed.
260 _aAsia :
_bThomson Learning,
_c2007.
300 _a436 p. :
_bill. ;
_c27 cm.
521 _aBSBA
650 _aSales management.
942 _cBK
_2lcc
_kFOR
999 _c22629
_d22629